00496nam a22001572 4500001001100000005001700011008004100028040001500069245004900084250001300133260007700146300001200223650005400235651004600289852000300335000001290420151217155854.0090331s xx 000 0 eng d aKABUcKABU10aRacial and communal tensions in East Africa. a1st ed. aNairobi :bEast African Institute of Social and Cultural Affairs,c1966. a133 p. 0aMinoritiesxCongresseszAfrica, East.@0000169896 0aAfrica, EastxRace relations.@00001677421